[Event "Raisoni Memorial op U15"]
[Site "Nagpur"]
[Date "2012.09.24"]
[Round "10"]
[White "Varun, V."]
[Black "Rohan, Ahuja"]
[Result "0-1"]
[WhiteElo "2055"]
[BlackElo "1978"]
[PlyCount "118"]
[EventDate "2012.09.17"]
[EventType "swiss"]
[EventRounds "11"]
[EventCountry "IND"]
[SourceTitle "CBM 150 Extra"]
[Source "ChessBase"]
[SourceDate "2012.10.19"]
[SourceVersion "1"]
[SourceVersionDate "2012.10.19"]
[SourceQuality "1"]

1. d4 Nf6 2. c4 g6 3. Nc3 Bg7 4. e4 d6 5. Bd3 Nc6 6. Nge2 e5 7. d5 Ne7 8. 0-0 0-0 9. Ng3 Ne8 10. f4 f5 11. exf5 Nxf5 12. fxe5 Bxe5 13. Nxf5 Bxf5 14. Bxf5 Rxf5 15. Rxf5 gxf5 16. Qf3 Qh4 17. g3 Qxc4 18. Bh6 Ng7 19. Rc1 Rf8 20. Nd1 Qb4 21. Kg2 f4 22. Bxg7 Qd2+ 23. Kh3 Qxc1 24. Bxf8 Kxf8 25. Nc3 Qe3 26. Qxe3 fxe3 27. Kg2 Bd4 28. Kf3 Ke7 29. Nb5 Bb6 30. Na3 Kf6 31. Nc4 Bd4 32. a4 Kf5 33. b4 e2 34. g4+ Kg5 35. Kxe2 Kxg4 36. Na5 Bc3 37. Nxb7 Bxb4 38. Nd8 h5 39. Ne6 Ba5 40. Nd4 Bb6 41. Ne6 h4 42. Ng7 Kf4 43. Kd3 Kf3 44. h3 Kg3 45. Ke4 Kxh3 46. Kf3 Kh2 47. Ne6 h3 48. Nf4 Bc5 49. Kg4 Be3 50. Nxh3 Kg2 51. Nf4+ Bxf4 52. Kxf4 Kf2 53. Ke4 Ke2 54. Kf5 Kd3 55. Ke6 Ke4 56. Kd7 Kxd5 57. Kxc7 Kc5 58. a5 a6 59. Kb7 Kb5 0-1

[Event "Raisoni Memorial op U15"]
[Site "Nagpur"]
[Date "2012.09.21"]
[Round "7"]
[White "Dhananjay, S."]
[Black "Varun, V."]
[Result "0-1"]
[WhiteElo "1934"]
[BlackElo "2055"]
[PlyCount "116"]
[EventDate "2012.09.17"]
[EventType "swiss"]
[EventRounds "11"]
[EventCountry "IND"]
[SourceTitle "CBM 150 Extra"]
[Source "ChessBase"]
[SourceDate "2012.10.19"]
[SourceVersion "1"]
[SourceVersionDate "2012.10.19"]
[SourceQuality "1"]

1. e4 c5 2. Nf3 Nc6 3. c4 g6 4. Nc3 d6 5. g3 Bg4 6. Bg2 Bg7 7. 0-0 e6 8. d3 Nge7 9. h3 Bxf3 10. Bxf3 0-0 11. Bg2 a6 12. f4 Rb8 13. g4 f5 14. Be3 b5 15. cxb5 axb5 16. Rb1 Qd7 17. Kh1 b4 18. Ne2 Ra8 19. Qb3 Kh8 20. Rbc1 Na5 21. Qc2 Rac8 22. b3 fxe4 23. dxe4 d5 24. Qd3 d4 25. Bf2 Nb7 26. Bh4 Nd6 27. Ng3 Bh6 28. Ne2 Nb7 29. Rc2 Rf7 30. Bg3 Rcf8 31. h4 Bg7 32. Bh3 e5 33. f5 gxf5 34. gxf5 Bf6 35. Ng1 Rg8 36. Bh2 Nc6 37. Nf3 Qe7 38. h5 Nb8 39. Rg1 Rxg1+ 40. Bxg1 Nd7 41. Nh2 Bg5 42. Rg2 Nd6 43. Bg4 Bf4 44. Bf3 Rg7 45. Rxg7 Kxg7 46. Qa6 Nf6 47. Qc6 Nf7 48. Kg2 Qa7 49. Ng4 Qxa2+ 50. Kh1 Nxg4 51. Bxg4 Qxb3 52. f6+ Kh6 53. Qe8 Kg5 54. Qg8+ Kxf6 55. Qxh7 Qg3 56. Qf5+ Kg7 57. Qg6+ Kf8 58. Qe6 b3 0-1

[Event "IND-ch U17 20th"]
[Site "Chakradharpur"]
[Date "2009.10.10"]
[Round "5"]
[White "Varun, V."]
[Black "Patel, Divya"]
[Result "0-1"]
[WhiteElo "1909"]
[BlackElo "1706"]
[PlyCount "92"]
[EventDate "2009.10.07"]
[EventType "swiss"]
[EventRounds "11"]
[EventCountry "IND"]
[SourceTitle "CBM 132 Extra"]
[Source "ChessBase"]
[SourceDate "2009.11.03"]
[SourceVersion "1"]
[SourceVersionDate "2009.11.03"]
[SourceQuality "1"]

1. e4 e6 2. d4 d5 3. Nc3 Nf6 4. Bg5 Be7 5. e5 Nfd7 6. Bxe7 Qxe7 7. f4 a6 8. Nf3 c5 9. Bd3 Nc6 10. dxc5 Nxc5 11. 0-0 Nxd3 12. Qxd3 h6 13. a3 0-0 14. Ne2 Bd7 15. b4 Rac8 16. c3 Na7 17. a4 Qe8 18. Qc2 Nc6 19. Qb3 Ne7 20. Nfd4 f6 21. Nf3 Nf5 22. exf6 Rxf6 23. Ned4 Nxd4 24. Nxd4 Qg6 25. Rf3 Qe4 26. Raf1 Rcf8 27. Qc2 Qxc2 28. Nxc2 Bxa4 29. Nd4 Bd7 30. g3 b6 31. Ra1 Ra8 32. Rf2 a5 33. Rfa2 a4 34. b5 Rc8 35. Rxa4 Rxc3 36. Ra7 Rf7 37. R7a6 Rd3 38. Nc6 Bxc6 39. bxc6 Rc3 40. Rxb6 Rc7 41. Raa6 Rc2 42. Kf1 e5 43. fxe5 Rf7+ 44. Ke1 Rff2 45. Kd1 Rfd2+ 46. Ke1 Rxh2 0-1

[Event "IND-ch U17 20th"]
[Site "Chakradharpur"]
[Date "2009.10.08"]
[Round "2"]
[White "Swayams, Mishra"]
[Black "Varun, V."]
[Result "1-0"]
[WhiteElo "2259"]
[BlackElo "1909"]
[PlyCount "79"]
[EventDate "2009.10.07"]
[EventType "swiss"]
[EventRounds "11"]
[EventCountry "IND"]
[SourceTitle "CBM 132 Extra"]
[Source "ChessBase"]
[SourceDate "2009.11.03"]
[SourceVersion "1"]
[SourceVersionDate "2009.11.03"]
[SourceQuality "1"]

1. d4 d5 2. c4 c6 3. Nf3 Nf6 4. Nc3 dxc4 5. a4 Bf5 6. Ne5 e6 7. g3 Bb4 8. Bg2 Nbd7 9. Nxc4 0-0 10. 0-0 Bg6 11. a5 Rc8 12. Qb3 Bxc3 13. bxc3 b6 14. Bf4 Be4 15. f3 Bd5 16. e4 b5 17. exd5 bxc4 18. Qxc4 cxd5 19. Qa6 Ra8 20. Rfc1 Qc8 21. Bf1 Re8 22. Qxc8 Raxc8 23. Ba6 Rc6 24. Bb5 Rcc8 25. Be5 Red8 26. Bd6 Ra8 27. Ba6 Ne8 28. Bf4 g5 29. Bxg5 f6 30. Bf4 e5 31. dxe5 fxe5 32. Bg5 Rdb8 33. Rd1 Nc7 34. Bc4 dxc4 35. Rxd7 Nb5 36. Bf6 Re8 37. Re1 Nxc3 38. Bxe5 Nb5 39. Re4 h5 40. Rg7+ 1-0